| 000 | 00902cab a2200253 4500 | ||
|---|---|---|---|
| 001 | WB3242-43 | ||
| 008 | 090401t1996 xxu||||| |||| 00| 0 eng d | ||
| 035 | _a(Sirsi) u44784 | ||
| 041 | _aeng | ||
| 245 | _aImproved image to attract investment | ||
| 260 | _c1996 | ||
| 350 | _a0 | ||
| 490 |
_aHousing Today _v(8) 7 November 1996, 4(1) |
||
| 520 | _aA registration scheme for private landlords would attract investors to the sector, according to a report "Popular capitalism: future funding for privately rented housing" from the University of Sheffield. | ||
| 650 | _aINVESTMENT | ||
| 650 | _aPRIVATE LANDLORDS | ||
| 650 | _aPRIVATE RENTED SECTOR | ||
| 650 | _aREGISTRATION SCHEME | ||
| 650 | _aRENTED HOUSING | ||
| 650 | _aUNIVERSITY OF SHEFFIELD | ||
| 690 | _aPROPERTY-RESIDENTIAL PROPERTY-RESIDENTIAL LANDLORD AND TENANT-RESIDENTIAL TENANCIES | ||
| 942 | _n0 | ||
| 948 | _c04/03/1997 | ||
| 999 |
_c28457 _d28457 |
||